| 000 | 00875nam a2200229 a 4500 | ||
|---|---|---|---|
| 001 | 000031946 | ||
| 005 | 20200930063313.0 | ||
| 008 | 091125s1997 sp 000 0 spa d | ||
| 020 | _a8420636304 | ||
| 040 |
_aDO-SdBNP _bspa _cBNPHU |
||
| 082 |
_axxxx _bxxxxxxx |
||
| 100 | 1 |
_aFalcón Martínez, Constantino _958113 |
|
| 245 | 1 | 0 |
_aDiccionario de mitología clásica, 1 / _cConstantino Falcón Martínez, Emilio Fernández Galiano, Raquel López Melero; prólogo Manuel Fernández Galiano. |
| 260 |
_aMadrid : _bAlianza editorial, _c1997. |
||
| 300 |
_a327 p. ; _c18 cm. |
||
| 500 | _aLa biblioteca posee la segunda reimpresión del 2000 | ||
| 500 | _aLibro de bolsillo | ||
| 500 | _aLa biblioteca posee el volumen 1 (A-H) | ||
| 700 | 1 |
_aFernández Galiano, Emilio _958114 |
|
| 700 | 1 |
_aLópez Melero, Raquel _958115 |
|
| 700 | 1 |
_aFernández Galiano, Manuel _eprol. _958116 |
|
| 999 |
_c31437 _d31437 |
||